000 01125nam a22003257a 4500
001 0002013
003 KOHA_MİRAKIL
005 20260207001259.0
007 ta
008 150629b2008 tu |||gr||||#0|||0|tur |
020 _a9789752552098
040 _aTR-BiSEU
_btur
_cTR-BiSEU
_erda
041 0 _atur
044 _ctu
050 _aDR590
_b.C91 2008
245 0 _aCumhuriyet dönemine genç bakışlar/
_ceditör Zekeriya Kurşun, A. Emel Kefeli, Ercan Karakoç.
264 1 _aİstanbul :
_bIQ Kültür Sanat Yayıncılık
_c2008
300 _a640 sayfa
336 _ametin
_btxt
_2rdacontent
337 _aaracısız
_bn
_2rdamedia
338 _acilt
_bnc
_2rdacarrier
490 1 _aIQ Kültür Sanat Yayıncılık ;
_v310 Araştırma-İnceleme dizisi ;
_v267
500 _aKaynakça var.
650 0 _aTürkiye Tarihi Devrim 1918-1923 Kaynaklar.
_95872
650 0 _aTürkiye Tarihi Devrim 1918-1960 Derleme.
_95873
650 0 _aTürkiye Politika ve yönetim 1918-1960.
_95874
830 1 _aIQ Kültür Sanat Yayıncılık ;
_v310 Araştırma-İnceleme dizisi ;
_v267
_95875
907 _aTarih
942 _2lcc
_cBK
999 _c2000
_d2000